000 00764nam a22002297a 4500
005 20180904115141.0
010 _aENG-123954
020 _c495.00
_a9788121512770
035 _aEN-107486
037 _bDBAD/PUB
082 _a121
100 _aMohanty, J.N.
245 _aLectures on KANT'S critique of pure reason /
_cby J.N. Mohanty; ed. by Tara Chatterjea, Sandhya Basu [and] Amita chatterjee
260 _aNew Delhi
_bMunshiram Manoharlal Publishers Pvt. Ltd.
_c2014
270 _a54, Rani Jhansi Road,
_bNew Delhi
_e110055
300 _a261p
_c22cm.(Hb.)
500 _aIt includes index and references
700 _aChatterjea, Tara
700 _aBasu, Sandhya
700 _achatterjee, Amita
942 _2ddc
_cEN
_mMOH
_h121
999 _c156810
_d156810